000 00343nam a22001457a 4500
008 221010b ||||| |||| 00| 0 eng d
020 _a0070211973
041 _aeng
080 _a616.5
082 _a616.5
100 _a11.2
101 _aDER
245 _aCOLOR ATLAS AND SYNOPSIS OF CLINICAL DERMATOLOGY
_cFITZPATRICK
942 _2udc
_cBK
999 _c58440
_d58440